Toán học cao cấp. T.2, Phép tính giải tích một biến số /

Số thực. Hàm số một biến số thực. Giới hạn và sự liên tục của hàm số một biến số. Đạo hàm và vi phân của hàm số một biến số. Các định lý về giá trị trung bình. Nguyên hàm và tích phân bất định. Tích phân xác định. Chuỗi....

Ful tanımlama

Kaydedildi:
Detaylı Bibliyografya
Yazar: Nguyễn Đình Trí (chủ biên.)
Diğer Yazarlar: Tạ Văn Đĩnh., Nguyễn Hồ Quỳnh.
Materyal Türü: Kitap
Dil:Vietnamese
Baskı/Yayın Bilgisi: Hà Nội : Giáo dục, 2005.
Edisyon:Tái bản lần thứ 8.
Konular:
Etiketler: Etiketle
Etiket eklenmemiş, İlk siz ekleyin!
Thư viện lưu trữ: Mạng thư viện Đại học Đà Nẵng
LEADER 01616cam a2200397 a 4500
001 000044969
003 4077
005 20060417102235.0
008 010220b2005 vm 000 vie
020 |c 21400 
040 |a LRC  |c LRC  |d LRC 
041 0 |a vie 
082 1 4 |a 512.15  |b NG-T 
100 1 |a Nguyễn Đình Trí,  |e chủ biên. 
245 1 0 |a Toán học cao cấp.  |n T.2,  |p Phép tính giải tích một biến số /  |c Nguyễn Đình Trí (chủ biên), Tạ Văn Đĩnh, Nguyễn Hồ Quỳnh. 
250 |a Tái bản lần thứ 8. 
260 |a Hà Nội :  |b Giáo dục,  |c 2005. 
300 |a 343 tr. ;  |c 21 cm. 
520 3 |a Số thực. Hàm số một biến số thực. Giới hạn và sự liên tục của hàm số một biến số. Đạo hàm và vi phân của hàm số một biến số. Các định lý về giá trị trung bình. Nguyên hàm và tích phân bất định. Tích phân xác định. Chuỗi. 
630 0 4 |a Toán học. 
630 0 4 |a Giải tích học. 
650 0 4 |a Giải tích học. 
700 1 |a Tạ Văn Đĩnh. 
700 1 |a Nguyễn Hồ Quỳnh. 
OWN |a DUT 
AVA |a UDN50  |b DUT  |c Book  |d 512.15 NG-T  |e available  |t Error 5001 Not defined in file expand_doc_bib_avail.  |f 8  |g 0  |h N  |i 26  |j SH  |k 1 
999 |a From the UDN01 
AVA |a UDN50  |b DUT  |c Book  |d 512.15 NG-T  |e available  |t Error 5001 Not defined in file expand_doc_bib_avail.  |f 8  |g 0  |h N  |i 26  |j SH  |k 1 
TYP |a Monograph 
TYP |a Printed language 
980 |a Mạng thư viện Đại học Đà Nẵng